000
00233nmm a2200085Ia 4500
008
220120s9999||||xx |||||||||||||||||und||
100
_a
Digit
245
0
_a
Andriode development, ubuntu 16.04 LIS, digit archives
260
_a
Nine dot Nine
999
_c
140006
_d
140006